Statistics for Songs most wins on music show

Click here to take the quiz!

General Stats

  • This quiz has been taken 28 times
  • The average score is 32 of 91

Answer Stats

WINSGROUPReleased DateSONG% Correct
13 WINSBTS21/5/2021Butter
89%
25 WINSPSY15/7/2012Gangnam Style
89%
13 WINSBLACKPINK26/6/2020How You Like That
89%
11 WINSTAEYEON7/10/2015I
89%
14 WINSIVE22/8/2022After LIKE
84%
9 WINSITZY12/2/2019DALLA DALLA
84%
32 WINSBTS21/8/2020Dynamite
84%
13 WINSIVE1/12/2021ELEVEN
84%
9 WINSIVE10/4/2023I AM
84%
13 WINS(G)I-DLE15/5/2023Queencard
84%
10 WINSBLACKPINK16/9/2022Shut Down
84%
11 WINSTWICE25/4/2016CHEER UP
74%
9 WINSJISOO31/3/2023FLOWER
74%
13 WINSJUNG KOOK14/7/2023Seven
74%
10 WINSBTS18/9/2017DNA
68%
12 WINSITZY29/7/2019ICY
68%
10 WINSIVE5/4/2022LOVE DIVE
68%
13 WINSTWICE24/10/2016TT
68%
14 WINSSNSD5/1/2009Gee
63%
11 WINS(G)I-DLE17/10/2022Nxde
63%
21 WINSBTS12/4/2019Boy With Luv
58%
11 WINSBLACKPINK15/6/2018DDU-DU DDU-DU
58%
12 WINSBTS18/5/2018FAKE LOVE
58%
12 WINSTWICE15/5/2017SIGNAL
58%
10 WINSTWICE9/7/2018Dance The Night Away
53%
9 WINSTWICE11/12/2017Heart Shaker
53%
10 WINS(G)I-DLE11/1/2021HWAA
53%
16 WINSBTS21/2/2020ON
53%
9 WINSRed Velvet23/12/2019Psycho
53%
12 WINSSNSD19/10/2011The Boys
53%
12 WINSTWICE9/4/2018What is Love?
53%
18 WINSEXO30/3/2015CALL ME BABY
47%
11 WINSX127/8/2019FLASH
47%
9 WINSTWICE20/2/2017KNOCK KNOCK
47%
14 WINSSNSD19/8/2015Lion Heart
47%
11 WINSiKON25/1/2018LOVE SCENARIO
47%
15 WINSWONDER GIRLS5/9/2007Tell Me
47%
15 WINSWANNA ONE7/8/2017Energetic
42%
9 WINSEXO9/6/2016Monster
42%
9 WINSTWICE1/6/2020MORE & MORE
42%
11 WINSIU27/1/2021Celebrity
37%
14 WINSEXO5/8/2013Growl
37%
9 WINSSNSD24/2/2014Mr.Mr.
37%
11 WINSSUPER JUNIOR2/8/2011Mr. Simple
37%
10 WINSSUPER JUNIOR12/3/2009Sorry, Sorry
37%
11 WINSEXO18/7/2017Ko Ko Bop
32%
15 WINSGFRIEND25/1/2016Rough
32%
9 WINSBTS10/6/2022Yet To Come
32%
10 WINSSNSD28/1/2010Oh!
26%
10 WINSRed Velvet6/8/2018Power Up
26%
10 WINSNCT 12717/9/2021Sticker
26%
9 WINSZICO13/1/2020Any song
21%
9 WINSf(x)15/6/2012Electric Shock
21%
10 WINSSEVENTEEN21/1/2019Home
21%
9 WINSBTS20/11/2020Life Goes On
21%
14 WINSGFRIEND11/7/2016NAVILLERA
21%
10 WINSEXO-K7/5/2014Overdose
21%
11 WINSEXO3/6/2015LOVE ME RIGHT
16%
17 WINSApink24/11/2011LUV
16%
9 WINSRed Velvet1/2/2017Rookie
16%
12 WINSWONDER GIRLS3/6/2008So Hot
16%
9 WINSMAMAMOO7/3/2018Starry Night
16%
12 WINSSNSD-TTS2/5/2012Twinkle
16%
12 WINSBIGBANG8/8/2008Haru Haru
11%
10 WINSBIGBANG1/5/2015LOSER
11%
10 WINSIU21/4/2017Palette
11%
10 WINSGFRIEND30/4/2018Time for the moon night
11%
9 WINSSHINee18/5/2015View
11%
10 WINSWANNA ONE19/3/2018BOOMERANG
5%
12 WINS2NE18/7/2009I Don`t Care
5%
9 WINSBIGBANG5/4/2022Still Life
5%
9 WINSLEE HYORI14/7/2008U-Go-Girl
5%
10 WINSIU29/11/2011YOU&I
5%
10 WINSSHINee19/2/2013Dream Girl
0%
11 WINSSISTAR11/6/2013Give It To Me
0%
11 WINSSISTAR1931/1/2013Gone Not Around Any
Longer
0%
10 WINSBEAST16/6/2014Good Luck
0%
11 WINSG-DRAGON18/8/2009Heartbreaker
0%
10 WINSBIGBANG12/11/2007Last Farewell
0%
14 WINSgod3/11/2000Lies
0%
9 WINSBIGBANG16/8/2007Lies
0%
13 WINST-ARA3/1/2012Lovey-Dovey
0%
9 WINSSUPER JUNIOR29/8/2014MAMACITA
0%
10 WINSEXO9/12/2013Miracles in December
0%
12 WINSJewelry20/2/2008One More Time
0%
12 WINSgod15/11/2001Place Where You
NeedTo Be
0%
12 WINSgod15/11/2001Road
0%
10 WINSSHINHWA26/2/2015Sniper
0%
11 WINSSOYOU7/2/2014SOME
0%
10 WINSgod25/11/1999Sorrow
0%
9 WINSBIGBANG24/2/2011TONIGHT
0%

Score Distribution

Percentile by Number Answered

Percent of People with Each Score

Your Score History

You have not taken this quiz